| 000 | 01068cam a2200229 i 4500 | ||
|---|---|---|---|
| 003 | IT-RoINE | ||
| 005 | 20200626054920.0 | ||
| 008 | 930725s1969 sp r | spa d | ||
| 040 |
_aSpMaBN _cA2 IT-RoINE _dIT-RoINE |
||
| 100 | 1 |
_aMoreno y de Herrera, Francisco, _d1909-1978 _961930 |
|
| 245 | 1 | 4 |
_aLos cuerpos intermedios naturales y artificiales, en las instituciones políticas de Norteamérica y de Inglaterra / _cdiscurso de recepción del académico... D. Francisco Moreno y de Herrera, Conde de los Andes. Y Contestación del... Sr. D. Leopoldo Eulogio Palacios Rodríguez. Sesión del 28 de enero de 1969 |
| 260 | 1 |
_aMadrid _b[s.n.] _c1969 |
|
| 300 |
_a79 p. ; _c24 cm- |
||
| 336 |
_2rdacontent _atext |
||
| 337 |
_2rdamedia _aunmediated |
||
| 338 |
_2rdacarrier _avolume |
||
| 650 | 4 |
_aInstituciones políticas _zGran Bretaña _961931 |
|
| 650 | 4 |
_aInstituciones políticas _zEstados Unidos _961932 |
|
| 700 | 1 |
_961933 _aPalacios, Leopoldo-Eulogio, _d1912-1981 |
|
| 710 | 2 |
_9104 _aReal Academia de Ciencias Morales y Políticas (Madrid, España) |
|
| 942 | _cMTS | ||
| 999 |
_c31594 _d31594 |
||